Culture Générale - Série 2599 - Statistiques

Statistiques générales
  • Ce quiz a été pris 130 fois
  • Le résultat moyen est 5 sur 10
Statistiques - réponses
Question Réponse % Correct
Quel fruit associe-t-on à Guillaume Tell ? pomme
92%
Période pendant laquelle les clubs professionnels de football sont autorisés à transférer ou à prêter leurs joueurs à d'autres clubs mercato
87%
Revenir sur (les mêmes choses), faire repasser dans son esprit - 9 lettres contenant 4 s ressasser
71%
Qu'appelle-t-on cirrus ? nuage
57%
Marmite profonde à fond arrondi, en forme de calotte sphérique, originaire d'Asie - 3 lettres wok
55%
Dans quel pays le douro prend-t-il sa source ? Espagne
51%
Dans la mythologie grecque quelle est la déesse du mariage et de la fécondité ? Héra
44%
Deuxième épouse du roi Henri VIII d'Angleterre . Elle fut décapitée le 19 mai 1536 - prénom et nom Anne Boleyn
37%
Dispositif que l'on place sur le dos des bêtes de somme pour le transport de leur charge - 3 lettres bât
34%
1. Dans les pays de civilisation turque, palais, notamment celui du sultan d'Istanbul. · 2. Harem, partie du palais où sont enfermées les femmes sérail
15%
Aucun quiz correspondant
Distribution des résultats
% des personnes avec chaque résultat
Percentile par nombre de réponses
Votre historique - résultats
Vous n’avez pas pris ce quiz